Logo biblioteca
Santa Fe 2917, Rosario, Santa Fe
Lu-Vi 8 a 19.45
+54-341-4232362
bibliotecaeudoro@gmail.com
Facebook Biblioteca Pedagógica
Sitio web

La problematización y sus tensiones didáctico-filosóficas. (Registro nro. 32623)

Detalles MARC
000 -CABECERA
campo fijo de control de longitud 01469nab a2200241 4500
003 - IDENTIFICADOR DEL NÚMERO DE CONTROL
campo de control AR-RoBPED
005 - FECHA Y HORADE LA ULTIMA TRANSACCION
campo de control 20260424150252.0
008 - ELEMENTOS DE LONGITUD FIJA--INFORMACION GENERAL
campo fijo de control de longitud 260424b |||||||| |||| 00| 0 spa d
040 ## - FUENTE CATALOGADORA
Centro catalogador/agencia de origen AR-RoBPED
041 ## - IDIOMA
Código de idioma para texto/pista de sonido o título independiente spa
100 1# - ENCABEZAMIENTO PRINCIPAL--AUTOR PERSONAL
Nombre de persona Prado Pertusatti, Tomás
9 (RLIN) 25112
Función Profesor de Filosofía y magíster en Educación
245 13 - TITULO
Título La problematización y sus tensiones didáctico-filosóficas.
Subtítulo Enseñar desde la "salida de sí" /
260 ## - PUBLICACION
Lugar Buenos Aires :
Editor Noveduc,
Fecha 2024
300 ## - DESCRIPCION FISICA
Extensión 60-65 p.
500 ## - NOTA GENERAL
Nota general Una de las comprensiones más asumidas respecto a la filosofía la caracteriza como un proceder problematizador. Dicha comprensión también está presente en el campo de la Didáctica de la Filosofía, significando una especial exigencia para las prácticas de enseñanza en la formación del profesorado. Estas líneas indagan los alcances y tensiones de la problematización filosófica e invitan a repensarnos ante su potencialidad, en especial ante el desafío problemático de enseñar a enseñar filosofía y las posibles resonancias originarias con el pensamiento científico.
650 #7 - TERMINO DE MATERIA--CONTROLADO
Término controlado FILOSOFIA
9 (RLIN) 19848
Término controlado FORMACION DE DOCENTES
9 (RLIN) 1259
Término controlado ENSEÑANZA DE LA FILOSOFIA
9 (RLIN) 10802
Término controlado DIDACTICA
9 (RLIN) 167
773 0# - DOCUMENTO FUENTE
Host Biblionumber 20414
Host Itemnumber 41866
Place, publisher, and date of publication Buenos Aires : Noveduc, 1993-
Título Novedades Educativas
Record control number (AR-RoBPED)20414
International Standard Serial Number 03283534
942 ## - ELEMENTOS KOHA
Fuente de clasificación Universal Decimal Classification
Koha tipo de ítem Revistas
Clasificación 37(05)
Signatura librística Nov 86 N° 398 (Sept.2024)
Número Koha k.32623
945 ## - PROCESAMIENTO DE LA INFORMACIÓN LOCAL
Catalogador y fecha mar 04/2026

No hay ítems disponibles.